|
|
|
|
| LEADER |
00000nam0a2200000 4500 |
| 001 |
224823 |
| 005 |
20240119162745.0 |
| 035 |
|
|
|a (RuTPU)RU\TPU\book\245142
|
| 090 |
|
|
|a 224823
|
| 100 |
|
|
|a 20121031d2011 m y0rusy50 ca
|
| 101 |
0 |
|
|a rus
|
| 102 |
|
|
|a RU
|
| 105 |
|
|
|a a j 001zy
|
| 200 |
1 |
|
|a Тепловые расчеты в химической технологии
|e учебное пособие
|f В. Т. Новиков
|g Национальный исследовательский Томский политехнический университет (ТПУ)
|
| 210 |
|
|
|a Томск
|c Изд-во ТПУ
|d 2011
|
| 215 |
|
|
|a 216 с.
|c ил.
|
| 320 |
|
|
|a Библиогр.: с. 212-215.
|
| 330 |
|
|
|a В пособии рассматриваются общие понятия и методы расчета теплот химических реакций и фазовых переходов, теплоемкостей веществ и потоков. Для всех методов расчета приведены необходимые табличные данные и номограммы. Рассмотрено влияние температуры на эти величины. Приведены примеры тепловых балансов непрерывных и периодически действующих реакторов, аппаратов и некоторых процессов. Пособие будет полезно при выполнении студентами курсовых и выпускных квалификационных работ. Предназначено для студентов химико-технологического направления.
|
| 606 |
1 |
|
|a Химическая технология
|x Процессы
|x Термодинамические расчеты
|2 stltpush
|3 (RuTPU)RU\TPU\subj\30978
|9 53971
|
| 610 |
1 |
|
|a химические реакции
|
| 610 |
1 |
|
|a тепловые эффекты
|
| 610 |
1 |
|
|a химические соединения
|
| 610 |
1 |
|
|a сгорание
|
| 610 |
1 |
|
|a теплота
|
| 610 |
1 |
|
|a расчет
|
| 610 |
1 |
|
|a эмпирические методы
|
| 610 |
1 |
|
|a органические соединения
|
| 610 |
1 |
|
|a теплоемкость
|
| 610 |
1 |
|
|a температура
|
| 610 |
1 |
|
|a реальные газы
|
| 610 |
1 |
|
|a фазовые переходы
|
| 610 |
1 |
|
|a материальные потоки
|
| 610 |
1 |
|
|a химические процессы
|
| 610 |
1 |
|
|a термокинетика
|
| 610 |
1 |
|
|a тепловые расчеты
|
| 610 |
1 |
|
|a тепловой баланс
|
| 610 |
1 |
|
|a энергетический баланс
|
| 610 |
1 |
|
|a учебные пособия
|
| 610 |
1 |
|
|a труды учёных ТПУ
|
| 675 |
|
|
|a 66.011(075.8)
|v 3
|
| 700 |
|
1 |
|a Новиков
|b В. Т.
|c химик
|c доцент Томского политехнического университета, кандидат химических наук
|f 1946-
|g Виктор Тимофеевич
|3 (RuTPU)RU\TPU\pers\28718
|9 13515
|
| 712 |
0 |
2 |
|a Национальный исследовательский Томский политехнический университет (ТПУ)
|c (2009- )
|3 (RuTPU)RU\TPU\col\15902
|
| 801 |
|
1 |
|a RU
|b 63413507
|c 20121031
|
| 801 |
|
2 |
|a RU
|b 63413507
|c 20121114
|g RCR
|
| 942 |
|
|
|c BK
|